Espirituales y Místicos de los primeros tiempos

Đã lưu trong:
Chi tiết về thư mục
Tác giả chính: Cayré, F (Tác giả)
Định dạng: Sách
Ngôn ngữ:Tiếng Tây Ban Nha
Được phát hành: Andorra la Vieja Casal I Vall 1958
Loạt:YO SE - YO CREO, 39
Cuarta Parte: La vida en Dios, los mediadores, 39
Những chủ đề:
Các nhãn: Thêm thẻ
Không có thẻ, Là người đầu tiên thẻ bản ghi này!

MARC

LEADER 00000nam a2200000 a 4500
001 UCH4283
003 CL-VaPUC
008 090818e19580000AN |||||||||||||||||spa|d
082 0 4 |a 209  |b CAY  |2 21 
100 0 |a Cayré, F  |e author  |9 539755 
245 1 0 |a Espirituales y Místicos de los primeros tiempos 
300 |a 156 p 
942 |c BK 
945 |d 20090818 00:00:00  |a ccalabra 
260 |a Andorra la Vieja  |b Casal I Vall  |c 1958 
650 0 |a Religiones  |9 265211 
650 0 |a Cristianismo  |9 257361 
650 0 |a Historia del cristianismo  |9 473480 
650 0 |a Iglesia Católica  |9 256114 
650 0 |a Apóstoles   |9 444286 
583 |a last modification  |c 20090818 00:00:00  |k Rodrigo Vera 
490 0 |a YO SE - YO CREO, 39 
490 0 |a Cuarta Parte: La vida en Dios, los mediadores, 39 
999 |c 335615  |d 335613